Kraje położone najbliżej Korei Północnej - Statystyki

Ogólne statystyki
  • Ten quiz został rozwiązany 15 razy
  • Średni wynik to 17 z 20
Statystyki odpowiedzi
km Kraj % Poprawnych
0 Chiny
100%
418 Japonia
100%
0 Korea Południowa
100%
768 Mongolia
100%
3014 Tajlandia
100%
2440 Wietnam
100%
1941 Filipiny
93%
2849 Indie
93%
2731 Mjanma
93%
0 Rosja
93%
1439 Tajwan
93%
2766 Laos
86%
3357 Bangladesz
79%
3357 Bhutan
79%
3203 Kambodża
79%
3135 Stany Zjednoczone
79%
3092 Kazachstan
71%
3492 Malezja
71%
3425 Palau
50%
3355 Mikronezja
43%
Nie znaleziono quizów pasujących do podanych kryteriów
Rozkład punktacji
Procent ludzi z każdym wynikiem
Percentyl według liczby udzielonych odpowiedzi
Twoja historia wyników
Nie rozwiązałeś tego quizu